Les 50 CT dans Pokémon Rouge / Bleu / Jaune - Statistiques

Statistiques générales
  • Ce quiz a été pris 228 fois
    221 depuis la dernière actualisation
  • Le résultat moyen est 34 sur 50
Statistiques - réponses
Numéro Type de quiz Attaque Indice % Correct
25 Électrique Fatal-Foudre Idem mais... plus fort
92%
13 Glace Laser Glace Attaque la plus connue de type Glace
92%
38 Feu Déflagration Lance-Flammes en mieux
89%
29 Psy Psyko Attaque la plus connue de type Psy
89%
24 Électrique Tonnerre de Zeus
89%
15 Normal Ultralaser L'attaque ultime à l'époque
87%
14 Glace Blizzard Idem mais... plus fort
86%
39 Normal Météores Ne rate jamais (avec des étoiles)
84%
45 Électrique Cage-Éclair Paralyse
83%
12 Eau Pistolet A O Finit par O
83%
26 Sol Séisme -> Tsunami
83%
16 Normal Jackpot Money money money
81%
42 Psy Dévorêve Ne fonctionne que si le Pokémon adverse dort
79%
44 Psy Repos Petit somme
76%
09 Normal Bélier Inflige des dégâts de recul au lanceur
75%
48 Roche Éboulement Avalanche de rochers
75%
47 Normal Explosion Boum d'enfer, encore plus d'enfer
75%
28 Sol Tunnel Relie Calais à Douvres
75%
36 Normal Destruction Boum d'enfer
73%
35 Normal Métronome On ne sait jamais sur quoi on va tomber...
72%
34 Normal Patience "Onix envoie la sauce !"
71%
01 Normal Ultimapoing Attaque qui nous est apprise par un Karatéka à la sortie du Mont Sélenite dans Pokemon RG/VF
71%
27 Sol Abîme Détériore
70%
21 Plante Mega Sangsue Ver suceur, en plus grand...
70%
08 Normal Plaquage Inflige des dégâts et a 30 % de chance de paralyser
70%
05 Normal Ultimawashi Attaque qui nous est apprise par un Karatéka à la sortie du Mont Sélenite dans Pokemon RG/VF
70%
10 Normal Damoclès Inflige des dégâts de recul au lanceur
68%
43 Vol Piqué Gérard, au FC Barcelone
68%
06 Poison Toxik Seule CT de type Poison...
68%
11 Eau Bulles D'O Finit par O
67%
23 Dragon Dracorage U mad bro ?
65%
41 Normal E-Coque Soigne Leveinard
65%
32 Normal Reflet Dans un miroir
63%
30 Psy Téléport Attaque connue de Mimie Mathy
63%
18 Combat Riposte Voile Miroir n'existait pas encore...
62%
04 Normal Cyclone Met fin à un combat contre un Pokémon sauvage
60%
19 Combat Frappe Atlas Les dégâts dépendent directement du niveau du lanceur
60%
33 Psy Protection Préservatif
60%
07 Normal Empal'Korne Attaque OHKO
57%
49 Normal Triplattaque 3 pour le prix d'1
56%
31 Normal Copie Triche à l'école
55%
17 Combat Sacrifice Offrande à une divinité
54%
40 Normal Coud'Krane Articulation du bras + structure osseuse de la tête
53%
20 Normal Frénesie Les dégâts augmentent au fil des tours
52%
22 Plante Lance-Soleil Jeter d'étoile
52%
03 Normal Danse-Lames Augmente l'attaque
51%
46 Psy Vague Psy CT donnée par Morgane
41%
50 Normal Clonage Attaque connue de Dolly
35%
37 Normal Bomb'Oeuf Un bon taureau, mais castré
28%
02 Normal Coupe-Vent Également le nom d'un vêtement...
22%
Aucun quiz correspondant
Distribution des résultats
% des personnes avec chaque résultat
Percentile par nombre de réponses
Votre historique - résultats
Vous n’avez pas pris ce quiz depuis la dernière actualisation